Central Library OPAC University of Rajshahi

شرح جامي محشي :; sharh jamiun mahshiun / (Record no. 78849)

MARC details
000 -LEADER
fixed length control field 00814aaa a2200205 a 4500
001 - CONTROL NUMBER
control field 78849
003 - CONTROL NUMBER IDENTIFIER
rucl marc code BD-RjUL
005 - DATE AND TIME OF LATEST TRANSACTION
control field 20211209083200.0
008 - FIXED-LENGTH DATA ELEMENTS--GENERAL INFORMATION
fixed length control field 211122s1956 pak||||| |||| 00| 0 ara d
035 ## - SYSTEM CONTROL NUMBER
System control number (BD-RjUL)79076
040 ## - CATALOGING SOURCE
Original cataloging agency BD-RjUL
Language of cataloging eng
Transcribing agency BD-RjUL
041 ## - LANGUAGE CODE
Language code of text/sound track or separate title ara
082 ## - DEWEY DECIMAL CLASSIFICATION NUMBER
Edition number 23
Classification number 892.75
Author mark and year JAS 1956
100 ## - MAIN ENTRY--PERSONAL NAME
Personal name الجامي، عبد الرحمن بن أحمد بن محمد ;; Al-Jami, Abdul Rahman bin Ahmed bin Muhammad,
9 (RLIN) 250316
245 10 - TITLE STATEMENT
Title شرح جامي محشي :; sharh jamiun mahshiun /
Statement of responsibility, etc. عبد الرحمن بن أحمد بن محمد الجامي ;; Abdul Rahman bin Ahmed bin Muhammad Al-Jami,
260 ## - PUBLICATION, DISTRIBUTION, ETC. (IMPRINT)
Place of publication, distribution, etc. لاهور : ;; Lahore :
Name of publisher, distributor, etc. ملك سراج الدين , ;; malik siraj aldiyn ,
Date of publication, distribution, etc. 1956
300 ## - PHYSICAL DESCRIPTION
Pagination 396 p. ;
Size 32 cm
650 ## - SUBJECT ADDED ENTRY--TOPICAL TERM
Topical term or geographic name as entry element Arabic Grammar
9 (RLIN) 250317
942 ## - ADDED ENTRY ELEMENTS (KOHA)
Source of classification or shelving scheme Dewey Decimal Classification
Koha item type Books
Holdings
Lost status Source of classification or shelving scheme Damaged status Not for loan Collection code Permanent Location Current Location Shelving location Date acquired Source of acquisition Cost, normal purchase price Total Checkouts Full call number Date last seen Copy number Koha item type
  Dewey Decimal Classification   Not For Loan Non-fiction Central Library, University of Rajshahi Central Library, University of Rajshahi Reading Room 17/10/1973 Quan Mazid , Rajshahi 24.00   A 892.75 JAS 1956 22/11/2021 C-1 Books